El esqueleto /

Guardado en:
Autor Corporativo: Videopedia Britannica.
Formato: Deslizar
Materias:
Etiquetas: Agregar Etiqueta
Sin Etiquetas, Sea el primero en etiquetar este registro!
LEADER 00975ngm a22003015g 4500
001 CEM.cems021567
008 130507b199?##################0###0#####d
005 20240828162343.0
245 1 0 |a El esqueleto /  |c Videopedia Britannica 
300 |a 17 
500 |a En soporte VHS, consultar en ventanilla. 
505 0 |a Estructura del esqueleto. Funciones. Columna vertebral. Cráneo. Caja toráxica. Estructura del hueso. Médula ósea. Cartílagos. Raquitismo. 
538 |a Soporte: VHS - Norma: Pal N - Color - Compra CEMS - Hitachi=1850 
110 2 |a Videopedia Britannica. 
082 6 1 |/ VID 
653 |a ANATOMIA 
653 |a BIOLOGIA 
653 |a ESQUELETO 
653 |a RAQUITISMO 
653 |a MEDULA OSEA 
653 |a CUERPO HUMANO 
653 |a COLUMNA VERTEBRAL 
653 |a TORAX 
653 |a CRANEO 
653 |a HUESO 
653 |a CARTILAGO 
653 |a NIVEL SECUNDARIO 
859 |a CEMS  |b BIB. CEMS - Depto. Recursos Didacticos  |h 611  |i VID  |k DRD  |p 210.12  |t Ej.1